Former World Capitals Click Quiz - Statistics

General Stats
  • This quiz has been taken 186 times
  • The average score is 25 of 35
Answer Stats
Hint Answer % Correct
Kyoto Japan
98%
Tel Aviv Israel
95%
Philadelphia United States
95%
Lagos Nigeria
93%
York United Kingdom
91%
Zanzibar City Tanzania
88%
Nanking China
87%
Dubrovnik Croatia
87%
Saigon Vietnam
86%
Heidelberg Germany
84%
Łódź Poland
84%
Fez Morocco
83%
Omsk Russia
80%
Toledo Spain
78%
Kilkenny Ireland
77%
Cuzco Peru
77%
Hyderabad India
75%
Babylon Iraq
74%
Trondheim Norway
74%
Lahore Pakistan
74%
Aegina Greece
70%
Mandalay Myanmar
68%
Bujumbura Burundi
66%
Concepción Chile
63%
İznik Turkey
63%
Syracuse Italy
59%
Vaasa Finland
57%
Santiago de los Caballeros Dominican Republic
54%
Batavia Indonesia
51%
Thebes Egypt
49%
Cape Coast Ghana
46%
Livingstone Zambia
45%
Boma Democratic Republic of the Congo
33%
Kolonia Federated States of Micronesia
28%
Antioch Iran
17%
No matching quizzes found
Score Distribution
Percent of People with Each Score
Percentile by Number Answered
Your Score History
You have not taken this quiz